[Event "Quebec-ch 1/2 final"]
[Site "Montreal CAN"]
[Date "2003.??.??"]
[Round "4"]
[White "Cloutier, Mario"]
[Black "Michaud, Pierre"]
[Result "1-0"]
[WhiteElo "2001"]
[BlackElo "1315"]
[PlyCount "73"]
[EventDate "2003.06.13"]
[EventType "swiss"]
[EventRounds "5"]
[EventCountry "CAN"]

1. e4 e5 2. Nf3 Nc6 3. Bb5 a6 4. Ba4 Nf6 5. O-O Be7 6. Re1 b5 7. Bb3 d6 8. c3
O-O 9. h3 Na5 10. Bc2 c5 11. d4 Qc7 12. Nbd2 c4 13. Nf1 Re8 14. d5 Nb7 15. g4
Bf8 16. Bg5 Nd7 17. Ng3 g6 18. Qd2 f6 19. Be3 Nd8 20. Kg2 Nf7 21. Rh1 h6 22.
Rag1 a5 23. h4 Nc5 24. g5 Nd7 25. Kf1 Rb8 26. h5 Nxg5 27. Nxg5 fxg5 28. Bxg5
Bg7 29. Bxh6 Rf8 30. Nf5 gxf5 31. Qg5 Nc5 32. Bxg7 Rb7 33. Bxf8+ Kxf8 34. Qg8+
Ke7 35. Rg7+ Kf6 36. Rg6+ Ke7 37. Qh7+ 1-0

[Event "Quebec-ch 1/2 final"]
[Site "Montreal CAN"]
[Date "2003.??.??"]
[Round "4"]
[White "Dominique, Vladimir"]
[Black "Libersan, Mattieu"]
[Result "0-1"]
[WhiteElo "1881"]
[BlackElo "1938"]
[PlyCount "28"]
[EventDate "2003.06.13"]
[EventType "swiss"]
[EventRounds "5"]
[EventCountry "CAN"]

1. e4 e5 2. f4 d5 3. exd5 e4 4. d3 Nf6 5. dxe4 Nxe4 6. Nf3 Bc5 7. Qe2 Bf5 8.
Qb5+ c6 9. Qxb7 Qxd5 10. Bd3 O-O 11. Qxa8 Nd7 12. Qb7 Re8 13. Kf1 Ng3+ 14. hxg3
Bxd3+ 0-1

[Event "Quebec-ch 1/2 final"]
[Site "Montreal CAN"]
[Date "2003.??.??"]
[Round "4"]
[White "Hua, Lefong"]
[Black "Cazelais, Marc"]
[Result "1/2-1/2"]
[WhiteElo "2295"]
[BlackElo "2186"]
[PlyCount "43"]
[EventDate "2003.06.13"]
[EventType "swiss"]
[EventRounds "5"]
[EventCountry "CAN"]

1. d4 g6 2. c4 Bg7 3. e4 Nc6 4. Nf3 e5 5. Bg5 f6 6. Be3 exd4 7. Nxd4 Nge7 8.
Be2 O-O 9. O-O d6 10. Nc3 f5 11. Nxc6 Nxc6 12. Qd2 fxe4 13. Nxe4 Bf5 14. Ng3
Be6 15. Rad1 Kh8 16. b3 Qf6 17. Bf3 a5 18. Ne2 a4 19. Bxc6 bxc6 20. Bd4 Qf7 21.
Bxg7+ Kxg7 22. Nd4 1/2-1/2

[Event "Quebec-ch 1/2 final"]
[Site "Montreal CAN"]
[Date "2003.??.??"]
[Round "4"]
[White "Lemire-Paquin, Alexandre"]
[Black "Plante, Michel"]
[Result "0-1"]
[WhiteElo "1736"]
[BlackElo "1999"]
[PlyCount "118"]
[EventDate "2003.06.13"]
[EventType "swiss"]
[EventRounds "5"]
[EventCountry "CAN"]

1. Nf3 d5 2. g3 g6 3. Bg2 Bg7 4. O-O e5 5. d3 Nc6 6. Nbd2 Nf6 7. c4 d4 8. Rb1
a5 9. Ne1 O-O 10. b3 Bf5 11. a3 Qd7 12. Qc2 Bh3 13. b4 axb4 14. axb4 Bxg2 15.
Nxg2 Rfe8 16. b5 Nd8 17. Bb2 Ne6 18. Nb3 Bf8 19. f4 exf4 20. Nxf4 Ng4 21. Nd5
Ra2 22. Qc1 c6 23. bxc6 bxc6 24. Nf6+ Nxf6 25. Rxf6 Bg7 26. Rf2 Qd6 27. Ra1
Rea8 28. Rxa2 Rxa2 29. Qb1 Ra8 30. Bc1 Rb8 31. Qc2 Qb4 32. Nd2 Qc3 33. Qxc3
dxc3 34. Nf3 Rb1 35. Rf1 Nd4 36. Nxd4 Bxd4+ 37. Kg2 c2 38. e3 Bb2 39. Bxb2 Rxb2
40. Rc1 Rb3 41. Rxc2 Rxd3 42. Kf3 f5 43. Kf4 Kf7 44. h4 Kf6 45. c5 h6 46. Rc4
Rd1 47. e4 Rf1+ 48. Ke3 Re1+ 49. Kf3 Ke5 50. exf5 gxf5 51. g4 Rf1+ 52. Kg2 Rf4
53. Rxf4 Kxf4 54. g5 hxg5 55. h5 Ke5 56. Kf3 Kf6 57. Ke3 Kg7 58. Kd4 f4 59. Ke4
Kh6 0-1

[Event "Quebec-ch 1/2 final"]
[Site "Montreal CAN"]
[Date "2003.??.??"]
[Round "4"]
[White "Papineau (Granby), Daniel"]
[Black "Charbonneau, Anne-Marie"]
[Result "1-0"]
[WhiteElo "1907"]
[BlackElo "2095"]
[PlyCount "61"]
[EventDate "2003.06.13"]
[EventType "swiss"]
[EventRounds "5"]
[EventCountry "CAN"]

1. d4 Nf6 2. c4 e6 3. Nc3 d5 4. cxd5 exd5 5. Bg5 Be7 6. Qc2 c6 7. e3 O-O 8. Bd3
Nbd7 9. Nf3 Re8 10. O-O Nf8 11. Rab1 Ne4 12. Bxe7 Qxe7 13. Bxe4 dxe4 14. Nd2 f5
15. b4 a6 16. a4 Qg5 17. Nc4 Ng6 18. f4 exf3 19. Rxf3 Qd8 20. Rd1 Be6 21. Nb2
Rc8 22. Nd3 f4 23. Nxf4 Bg4 24. Qa2+ Kh8 25. Nxg6+ hxg6 26. Rdf1 Qg5 27. Rg3
Rxe3 28. Qd2 Rce8 29. h3 Qh6 30. Rxg4 Qh5 31. Rf8+ 1-0

[Event "Quebec-ch 1/2 final"]
[Site "Montreal CAN"]
[Date "2003.??.??"]
[Round "5"]
[White "Cazelais, Marc"]
[Black "Papineau (Granby), Daniel"]
[Result "1-0"]
[WhiteElo "2186"]
[BlackElo "1907"]
[PlyCount "87"]
[EventDate "2003.06.13"]
[EventType "swiss"]
[EventRounds "5"]
[EventCountry "CAN"]

1. e4 d5 2. exd5 Nf6 3. Bb5+ Bd7 4. Be2 Bf5 5. d4 Qxd5 6. Nf3 e6 7. c4 Qa5+ 8.
Bd2 Bb4 9. Nc3 c6 10. a3 Be7 11. Nd5 Qd8 12. Nxe7 Qxe7 13. O-O Qc7 14. Rc1 O-O
15. b4 Nbd7 16. Bg5 Rac8 17. Qb3 Ne4 18. Be3 e5 19. d5 Rfd8 20. Nh4 Bg6 21.
Nxg6 hxg6 22. Rfd1 Nb6 23. f3 Nf6 24. dxc6 bxc6 25. a4 Rxd1+ 26. Rxd1 Re8 27.
a5 Nbd7 28. Qa4 a6 29. b5 cxb5 30. cxb5 axb5 31. Bxb5 Qc3 32. Bf2 Ra8 33. Bxd7
Rxa5 34. Qc6 Qb2 35. Bh3 Ra1 36. Rf1 Nh5 37. g3 Ra2 38. Qe8+ Kh7 39. Qxf7 Nf6
40. Be6 Ra3 41. Bc5 Rd3 42. Bf8 Nh5 43. Qg8+ Kh6 44. Qh8+ 1-0

[Event "Quebec-ch 1/2 final"]
[Site "Montreal CAN"]
[Date "2003.??.??"]
[Round "5"]
[White "Cloutier, Mario"]
[Black "Gauthier, Denis"]
[Result "1-0"]
[WhiteElo "2001"]
[BlackElo "2003"]
[PlyCount "45"]
[EventDate "2003.06.13"]
[EventType "swiss"]
[EventRounds "5"]
[EventCountry "CAN"]

1. e4 d6 2. d4 Nf6 3. Nc3 g6 4. g3 Bg7 5. Bg2 O-O 6. Nge2 e5 7. h3 Nbd7 8. O-O
c6 9. a4 Qc7 10. Be3 Rd8 11. Kh2 Nf8 12. Qd2 Ne6 13. f4 exd4 14. Nxd4 Nxd4 15.
Bxd4 d5 16. exd5 Nxd5 17. Bxg7 Nf6 18. Nd5 Nxd5 19. Be5 Qb6 20. Rae1 Be6 21. f5
Ne7 22. Qh6 Nxf5 23. Rxf5 1-0

[Event "Quebec-ch 1/2 final"]
[Site "Montreal CAN"]
[Date "2003.??.??"]
[Round "5"]
[White "Hua, Lefong"]
[Black "Feoktistov, Dmitri"]
[Result "1/2-1/2"]
[WhiteElo "2295"]
[BlackElo "2304"]
[PlyCount "76"]
[EventDate "2003.06.13"]
[EventType "swiss"]
[EventRounds "5"]
[EventCountry "CAN"]

1. d4 Nf6 2. c4 e6 3. Nc3 d5 4. cxd5 exd5 5. Bg5 Nbd7 6. e3 c6 7. Bd3 Be7 8.
Qc2 O-O 9. Nf3 Re8 10. h3 Nf8 11. O-O Ne4 12. Bf4 Nxc3 13. bxc3 Bd6 14. Bxd6
Qxd6 15. Rab1 Re7 16. e4 dxe4 17. Bxe4 g6 18. Rfe1 Be6 19. c4 Rae8 20. Bd3 Qf4
21. Re4 Qf6 22. Rbe1 Bd7 23. Rxe7 Rxe7 24. Rxe7 Qxe7 25. Qa4 a6 26. Qa5 Ne6 27.
Qe5 f6 28. Qb8+ Be8 29. d5 Nc5 30. Bf1 Qd7 31. Qf4 Kg7 32. Qd4 Qd6 33. Ng5 Bf7
34. Nxf7 Kxf7 35. g3 cxd5 36. Bg2 Kg7 37. cxd5 Nd7 38. h4 Ne5 1/2-1/2

[Event "Quebec-ch 1/2 final"]
[Site "Montreal CAN"]
[Date "2003.??.??"]
[Round "5"]
[White "Lavoie, Benoit"]
[Black "Dominique, Vladimir"]
[Result "0-1"]
[WhiteElo "1436"]
[BlackElo "1881"]
[PlyCount "52"]
[EventDate "2003.06.13"]
[EventType "swiss"]
[EventRounds "5"]
[EventCountry "CAN"]

1. c4 e5 2. Nc3 Nf6 3. g3 Be7 4. Bg2 O-O 5. e3 Nc6 6. Nge2 d6 7. O-O Bg4 8. h3
Be6 9. b3 Qd7 10. h4 d5 11. cxd5 Nxd5 12. Nxd5 Bxd5 13. e4 Be6 14. Bb2 Bg4 15.
f3 Be6 16. Kh2 Rad8 17. Bc3 Ba3 18. Rb1 Qd3 19. Nc1 Qxb1 20. d3 Qxc1 21. Qxc1
Bxc1 22. Rxc1 Rxd3 23. Bb2 Rd2 24. Rxc6 bxc6 25. Bxe5 Rxa2 26. Bxc7 Bxb3 0-1

[Event "Quebec-ch 1/2 final"]
[Site "Montreal CAN"]
[Date "2003.??.??"]
[Round "5"]
[White "Libersan, Mattieu"]
[Black "Audet-Bouchard, Nicolas"]
[Result "0-1"]
[WhiteElo "1938"]
[BlackElo "2128"]
[PlyCount "124"]
[EventDate "2003.06.13"]
[EventType "swiss"]
[EventRounds "5"]
[EventCountry "CAN"]

1. e4 c5 2. b4 e6 3. bxc5 Bxc5 4. d4 Bb6 5. Nf3 d5 6. e5 Ne7 7. Bd3 Nbc6 8. c3
Bd7 9. O-O Rc8 10. Na3 Na5 11. Nb5 Bxb5 12. Bxb5+ Kf8 13. Ba3 Nc4 14. Bxc4 Rxc4
15. Qb3 g6 16. Nd2 Rc6 17. c4 Bxd4 18. Rad1 Rb6 19. Qg3 Kg7 20. Nf3 Nf5 21. Qg4
h5 22. Qh3 Bb2 23. Bxb2 Rxb2 24. cxd5 exd5 25. Nd4 Nxd4 26. Rxd4 Rxa2 27. e6
Qf6 28. Rxd5 Qxe6 29. Qc3+ Kh7 30. Re5 Rc8 31. Rxe6 Rxc3 32. Re7 b6 33. Rxf7+
Kh6 34. Rd1 Rca3 35. h4 Ra1 36. Rxa1 Rxa1+ 37. Kh2 b5 38. Rb7 a6 39. f3 Ra4 40.
Kh3 b4 41. g4 hxg4+ 42. fxg4 Ra3+ 43. Kg2 a5 44. Rb5 b3 45. Kf3 Kg7 46. h5 b2+
47. Ke4 gxh5 48. gxh5 Ra2 49. Kf5 a4 50. Rb7+ Kh6 51. Rb8 a3 52. Rb6+ Kxh5 53.
Rb8 Kh4 54. Kf4 Kh3 55. Kf3 Kh2 56. Rh8+ Kg1 57. Rg8+ Kf1 58. Rh8 Ke1 59. Ke3
Kd1 60. Rd8+ Kc1 61. Rc8+ Kb1 62. Kd2 Ka1 0-1

[Event "Quebec-ch 1/2 final"]
[Site "Montreal CAN"]
[Date "2003.??.??"]
[Round "5"]
[White "Michaud, Pierre"]
[Black "Lemire-Paquin, Alexandre"]
[Result "1-0"]
[WhiteElo "1315"]
[BlackElo "1736"]
[PlyCount "129"]
[EventDate "2003.06.13"]
[EventType "swiss"]
[EventRounds "5"]
[EventCountry "CAN"]

1. e4 d6 2. d4 g6 3. Nf3 Bg7 4. c3 Nf6 5. Bd3 O-O 6. O-O c6 7. b3 Qc7 8. Bb2
Nbd7 9. Nbd2 e5 10. Re1 h6 11. Nf1 Nh5 12. g3 exd4 13. cxd4 Nc5 14. Bc2 Bg4 15.
Ne3 Qd7 16. Nxg4 Qxg4 17. e5 Ne6 18. Nh4 Qh3 19. Be4 Nef4 20. Bh1 g5 21. Nf3
Qg4 22. exd6 Nh3+ 23. Kf1 Qf5 24. Qd2 Nf6 25. Re5 Qd7 26. Bg2 Nd5 27. Re2 Rfe8
28. Ne5 Bxe5 29. dxe5 Qf5 30. Bxd5 cxd5 31. Qxd5 g4 32. Rd1 Ng5 33. d7 Red8 34.
Qd6 Qf3 35. Re3 Qh1+ 36. Ke2 Qxh2 37. Qf6 Ne6 38. Re4 Qh5 39. Rd6 Kh7 40. Rxe6
fxe6 41. Qxe6 Qg6 42. Qxg6+ Kxg6 43. e6 Kf5 44. Re5+ Kf6 45. Re3+ Ke7 46. Ba3+
Kf6 47. f3 gxf3+ 48. Kxf3 a5 49. Bc5 b5 50. Bb6 Ke7 51. Bc5+ Kf6 52. e7 Rxd7
53. e8=Q Rxe8 54. Rxe8 Rd2 55. Re2 Rd5 56. b4 a4 57. a3 Rd3+ 58. Re3 Rxe3+ 59.
Kxe3 Ke5 60. Bf8 h5 61. Bg7+ Kd5 62. Kd3 Ke6 63. Kd4 Kd6 64. Bf8+ Kc6 65. Ke5
1-0

[Event "Quebec-ch U10"]
[Site "Montreal CAN"]
[Date "2003.03.07"]
[Round "1"]
[White "Carron, Leonore"]
[Black "Dinku, Joel"]
[Result "0-1"]
[WhiteElo "1145"]
[BlackElo "825"]
[PlyCount "148"]
[EventDate "2003.03.07"]
[EventType "tourn"]
[EventRounds "5"]
[EventCountry "CAN"]

1. e4 e5 2. Nf3 Nf6 3. Nxe5 Qe7 4. Nf3 Nxe4 5. Qe2 d5 6. d3 Nf6 7. Qxe7+ Bxe7
8. Nc3 h6 9. Be2 Nc6 10. O-O Bg4 11. Bf4 O-O 12. Bxc7 Bxf3 13. Bxf3 Nd4 14.
Nxd5 Nxd5 15. Bxd5 Nxc2 16. Rac1 Nd4 17. Rfe1 Bf6 18. Re4 Rfe8 19. Rce1 Rxe4
20. Rxe4 b5 21. Bd6 Rc8 22. h3 Rd8 23. Bxf7+ Kxf7 24. Bc5 Rd5 25. Bxa7 Nc6 26.
Be3 Bd4 27. Rf4+ Kg8 28. Bd2 Be5 29. Rf3 Rc5 30. Rf5 Nb4 31. d4 Bxd4 32. Rxc5
Bxc5 33. Kf1 Nc2 34. Ke2 Nb4 35. a3 Nd5 36. Kd3 Bxf2 37. Ke4 Nf6+ 38. Ke5 Kf8
39. Kf4 Bd4 40. Bb4+ Ke8 41. b3 Kd7 42. Kf5 Kc6 43. Kg6 Nd5 44. Bf8 Nf4+ 45.
Kh7 Ne6 46. Be7 Bc5 47. Bxc5 Kxc5 48. g4 Kd4 49. Kg6 Kc3 50. Kf7 Ng5+ 51. Kg6
Nxh3 52. Kxg7 Nf2 53. Kxh6 Nxg4+ 54. Kh5 Ne5 55. a4 b4 56. a5 Nc6 57. a6 Kxb3
58. Kg6 Ka4 59. Kf7 Ka5 60. Ke6 Kxa6 61. Kd6 b3 62. Kxc6 b2 63. Kd6 b1=Q 64.
Ke5 Qd3 65. Kf4 Qe2 66. Kg3 Qf1 67. Kg4 Kb5 68. Kg3 Kc4 69. Kg4 Kd4 70. Kg5 Ke5
71. Kg4 Qf4+ 72. Kh5 Qg3 73. Kh6 Kf6 74. Kh7 Qg7# 0-1

[Event "Quebec-ch U10"]
[Site "Montreal CAN"]
[Date "2003.03.07"]
[Round "1"]
[White "Rozybakiyev, Ilchin"]
[Black "Nguyen, Michael"]
[Result "1/2-1/2"]
[WhiteElo "1138"]
[BlackElo "1066"]
[PlyCount "99"]
[EventDate "2003.03.07"]
[EventType "tourn"]
[EventRounds "5"]
[EventCountry "CAN"]

1. e4 e5 2. Nf3 Nc6 3. d4 Nxd4 4. Nxd4 exd4 5. Qxd4 Nf6 6. Nc3 b6 7. Bc4 Bc5 8.
Qe5+ Qe7 9. Qxe7+ Bxe7 10. O-O Bb7 11. Bd3 d5 12. exd5 Nxd5 13. Nxd5 Bxd5 14.
Re1 Be6 15. Bb5+ Kd8 16. Be3 a6 17. Bc6 Ra7 18. Rad1+ Bd6 19. a3 Ke7 20. Bg5+
f6 21. Bc1 Rd8 22. Kh1 Kf7 23. h3 Rf8 24. Kg1 a5 25. Re2 g5 26. Rde1 Bf5 27.
Bd5+ Kg6 28. Kh1 Kg7 29. g4 Bg6 30. Kg2 Bf7 31. Bxf7 Rxf7 32. c3 c5 33. c4 Kg6
34. a4 Rfe7 35. Rxe7 Rxe7 36. Rxe7 Bxe7 37. b3 f5 38. gxf5+ Kxf5 39. f3 h5 40.
Be3 g4 41. hxg4+ hxg4 42. fxg4+ Kxg4 43. Kf2 Kf5 44. Kf3 Ke5 45. Bf4+ Kd4 46.
Bc7 Kc3 47. Bxb6 Kxb3 48. Bxa5 Kxa4 49. Bb6 Kb4 50. Bxc5+ 1/2-1/2

[Event "Quebec-ch U10"]
[Site "Montreal CAN"]
[Date "2003.03.08"]
[Round "2"]
[White "Carron, Leonore"]
[Black "Rozybakiyev, Ilchin"]
[Result "1-0"]
[WhiteElo "1145"]
[BlackElo "1138"]
[PlyCount "113"]
[EventDate "2003.03.07"]
[EventType "tourn"]
[EventRounds "5"]
[EventCountry "CAN"]

1. e4 c5 2. Nf3 Nc6 3. Bc4 e5 4. Nc3 Nf6 5. d3 d6 6. Ng5 Bg4 7. f3 Bh5 8. Be3
h6 9. Nh3 Be7 10. O-O a6 11. a4 Nd4 12. Bxd4 cxd4 13. Nd5 Nxd5 14. Bxd5 Rb8 15.
Qd2 O-O 16. f4 Bg4 17. Nf2 Bh5 18. fxe5 dxe5 19. h3 Bg5 20. Qb4 Be3 21. Qb3 Qf6
22. Rae1 Qh4 23. c3 Qg3 24. cxd4 exd4 25. Qc2 Bf4 26. Ng4 Bxg4 27. Rxf4 Qxf4
28. hxg4 Qxg4 29. Rf1 h5 30. Qb3 Qd7 31. Rf5 g6 32. Rf6 h4 33. Rxg6+ Kh7 34.
Rg5 Kh6 35. Rf5 f6 36. Qd1 Qe8 37. Qg4 Qg6 38. Qxh4+ Kg7 39. Rf4 Qh6 40. Qg3+
Kh7 41. Rh4 Qxh4 42. Qxh4+ Kg7 43. g4 Rh8 44. Qg3 b6 45. g5 Kg6 46. gxf6+ Kxf6
47. Qf2+ Kg6 48. Qxd4 Kh5 49. Bf7+ Kg4 50. e5+ Kf3 51. e6 Rbd8 52. Qe4+ Kg3 53.
e7 Rc8 54. Qe3+ Kg4 55. e8=Q Rh3 56. Qxc8+ Kh4 57. Qcxh3# 1-0

[Event "Quebec-ch U10"]
[Site "Montreal CAN"]
[Date "2003.03.08"]
[Round "2"]
[White "Dinku, Joel"]
[Black "Nguyen, Sandy"]
[Result "0-1"]
[WhiteElo "825"]
[BlackElo "1031"]
[PlyCount "68"]
[EventDate "2003.03.07"]
[EventType "tourn"]
[EventRounds "5"]
[EventCountry "CAN"]

1. e4 e5 2. Nf3 Nc6 3. Nc3 Nf6 4. Bb5 a6 5. Bxc6 dxc6 6. Nxe5 Be6 7. d4 Bb4 8.
Bg5 h6 9. Bh4 O-O 10. Qd3 Bxc3+ 11. Qxc3 Nxe4 12. Qe3 Qxh4 13. g3 Qe7 14. Qxe4
Qb4+ 15. c3 Qxb2 16. O-O Qxc3 17. Rac1 Qa5 18. Rb1 Rfe8 19. Rxb7 Bd5 20. Qf5 c5
21. Rbb1 cxd4 22. Rfe1 Bxa2 23. Ra1 d3 24. Qxd3 Rxe5 25. Red1 c6 26. Qd6 Rae8
27. Rdb1 Re1+ 28. Rxe1 Rxe1+ 29. Rxe1 Qxe1+ 30. Kg2 Qe4+ 31. f3 Qc2+ 32. Kh3
Be6+ 33. Kh4 g5+ 34. Kh5 Qg6# 0-1

[Event "Quebec-ch U10"]
[Site "Montreal CAN"]
[Date "2003.03.08"]
[Round "3"]
[White "Nguyen, Sandy"]
[Black "Nguyen, Michael"]
[Result "0-1"]
[WhiteElo "1031"]
[BlackElo "1066"]
[PlyCount "74"]
[EventDate "2003.03.07"]
[EventType "tourn"]
[EventRounds "5"]
[EventCountry "CAN"]

1. e4 e5 2. Nf3 Nc6 3. Nc3 Bb4 4. d3 Nf6 5. Bg5 O-O 6. g3 d6 7. Bg2 Re8 8. O-O
Bg4 9. Bh4 Bxc3 10. bxc3 Re6 11. h3 Bh5 12. Qe2 d5 13. Qe3 d4 14. Qe2 dxc3 15.
Rab1 b6 16. Rb3 Nd4 17. Qe3 Nxb3 18. axb3 Bxf3 19. Qxf3 a5 20. Bg5 h6 21. Bxf6
Qxf6 22. Qh5 Qg6 23. Qe2 a4 24. bxa4 Rxa4 25. h4 Ra2 26. Bh3 Rc6 27. Kh2 b5 28.
f4 exf4 29. gxf4 b4 30. f5 Qf6 31. e5 Qd8 32. Rg1 Qe8 33. Bg2 Rca6 34. Bd5 Ra1
35. Rg2 c6 36. Bc4 Qd8 37. Bxa6 Qxh4# 0-1

[Event "Quebec-ch U10"]
[Site "Montreal CAN"]
[Date "2003.03.08"]
[Round "3"]
[White "Rozybakiyev, Ilchin"]
[Black "Dinku, Joel"]
[Result "1-0"]
[WhiteElo "1138"]
[BlackElo "825"]
[PlyCount "91"]
[EventDate "2003.03.07"]
[EventType "tourn"]
[EventRounds "5"]
[EventCountry "CAN"]

1. e4 e5 2. Nf3 Nf6 3. Nc3 Nc6 4. d4 exd4 5. Nxd4 Nxd4 6. Qxd4 Qe7 7. e5 d6 8.
Bf4 dxe5 9. Qxe5 Qxe5+ 10. Bxe5 Bf5 11. Bxf6 gxf6 12. O-O-O Bd6 13. Nd5 O-O-O
14. Kb1 Be5 15. Bc4 Be6 16. Bb3 Bxd5 17. Bxd5 Rd7 18. Bf3 Rdd8 19. Bg4+ Kb8 20.
h3 h5 21. Bf3 f5 22. g3 f4 23. gxf4 Bxf4 24. Rxd8+ Rxd8 25. Bxh5 Bg5 26. Bxf7
Bh4 27. f3 Bg3 28. Bh5 Bf2 29. Bg4 a6 30. a3 b5 31. h4 Rh8 32. h5 Be3 33. Re1
Bd2 34. Re2 Bf4 35. Re6 Kb7 36. Re4 Bd2 37. c3 c6 38. Kc2 Bg5 39. b4 Kc7 40.
Rd4 Re8 41. Rd7+ Kb6 42. Rd6 Re2+ 43. Kb3 Re1 44. Bd7 Rb1+ 45. Kc2 Bd8 46. Kxb1
1-0

[Event "Quebec-ch U10"]
[Site "Montreal CAN"]
[Date "2003.03.09"]
[Round "4"]
[White "Carron, Leonore"]
[Black "Nguyen, Sandy"]
[Result "1-0"]
[WhiteElo "1145"]
[BlackElo "1038"]
[PlyCount "69"]
[EventDate "2003.03.07"]
[EventType "tourn"]
[EventRounds "5"]
[EventCountry "CAN"]

1. e4 e5 2. Nf3 Nc6 3. Bc4 Be7 4. Nc3 h6 5. O-O Nf6 6. d3 Bc5 7. Be3 Bb4 8. Qd2
d6 9. h3 O-O 10. Rae1 Nh7 11. a3 Bxc3 12. Qxc3 Qf6 13. d4 Ng5 14. Nxg5 hxg5 15.
dxe5 Nxe5 16. Bd4 g4 17. hxg4 Bxg4 18. f4 Rfe8 19. fxe5 dxe5 20. Rxf6 exd4 21.
Qxd4 gxf6 22. Qxf6 Be6 23. Bxe6 Rxe6 24. Qg5+ Kh7 25. Qf5+ Rg6 26. Qxf7+ Rg7
27. Qh5+ Kg8 28. e5 Rd8 29. b3 Rh7 30. Qg5+ Rg7 31. Qxd8+ Kh7 32. e6 Kh6 33. e7
Kh7 34. e8=Q Rg6 35. Qh8# 1-0

[Event "Quebec-ch U10"]
[Site "Montreal CAN"]
[Date "2003.03.09"]
[Round "4"]
[White "Dinku, Joel"]
[Black "Nguyen, Michael"]
[Result "0-1"]
[WhiteElo "825"]
[BlackElo "1066"]
[PlyCount "74"]
[EventDate "2003.03.07"]
[EventType "tourn"]
[EventRounds "5"]
[EventCountry "CAN"]

1. e4 e5 2. Nf3 Nc6 3. Nc3 f5 4. exf5 Nf6 5. d3 d5 6. Bg5 Bc5 7. g3 O-O 8. Bg2
Bxf5 9. h3 h6 10. Bxf6 Qxf6 11. O-O Rad8 12. b3 e4 13. dxe4 dxe4 14. Nxe4 Bxe4
15. Qe2 Bxf3 16. Qxf3 Qxf3 17. Bxf3 Rxf3 18. Kg2 Rdf8 19. Rad1 Rxf2+ 20. Rxf2
Rxf2+ 21. Kh1 Rxc2 22. a4 Rb2 23. h4 Rxb3 24. g4 Rb4 25. g5 Rxh4+ 26. Kg2 Rg4+
27. Kf3 Rxg5 28. Re1 Ne5+ 29. Kf4 Bd6 30. Ke4 Rg4+ 31. Kf5 g6+ 32. Kf6 Rf4+ 33.
Ke6 Rxa4 34. Rb1 b6 35. Rh1 h5 36. Ra1 Rxa1 37. Kd5 a5 0-1

[Event "Quebec-ch U10"]
[Site "Montreal CAN"]
[Date "2003.03.09"]
[Round "5"]
[White "Nguyen, Michael"]
[Black "Carron, Leonore"]
[Result "0-1"]
[WhiteElo "1066"]
[BlackElo "1145"]
[PlyCount "50"]
[EventDate "2003.03.07"]
[EventType "tourn"]
[EventRounds "5"]
[EventCountry "CAN"]

1. e4 e5 2. Nf3 Nc6 3. Bc4 Bc5 4. Nxe5 Nxe5 5. Bb3 Nc6 6. Qh5 Qe7 7. d3 Nf6 8.
Qd1 O-O 9. O-O h6 10. Be3 Bb6 11. Nc3 d6 12. Nd5 Nxd5 13. Bxd5 Be6 14. Re1 f5
15. c4 fxe4 16. dxe4 Rf7 17. Rf1 Bxe3 18. fxe3 Rxf1+ 19. Qxf1 Rf8 20. Qd3 Nb4
21. Bxe6+ Qxe6 22. Qb3 Nc6 23. Rc1 Qf6 24. Qxb7 Qf2+ 25. Kh1 Qf1+ 0-1

[Event "Quebec-ch U10"]
[Site "Montreal CAN"]
[Date "2003.03.09"]
[Round "5"]
[White "Nguyen, Sandy"]
[Black "Rozybakiyev, Ilchin"]
[Result "1-0"]
[WhiteElo "1031"]
[BlackElo "1138"]
[PlyCount "87"]
[EventDate "2003.03.07"]
[EventType "tourn"]
[EventRounds "5"]
[EventCountry "CAN"]

1. e4 c5 2. Nc3 e5 3. d3 Nc6 4. Nf3 Nf6 5. g3 d5 6. Bg5 d4 7. Ne2 h6 8. Bxf6
Qxf6 9. Bg2 Be6 10. O-O Bd6 11. Qd2 O-O 12. c4 Bg4 13. Nh4 Qe6 14. a3 b6 15. f4
Bxe2 16. Qxe2 Qe7 17. Nf5 Qd7 18. Qg4 Qxf5 19. Qxf5 Ne7 20. Qg4 Ng6 21. f5 Ne7
22. f6 Ng6 23. fxg7 Kxg7 24. Qf3 f6 25. Qf5 Ne7 26. Qg4+ Ng6 27. Qd7+ Be7 28.
Qf5 Bd6 29. Bf3 Ne7 30. Qh5 Ng6 31. Bg4 Ne7 32. Bf5 a5 33. Qg4+ Kh8 34. Qh5 Kg7
35. g4 Rh8 36. Kf2 Raf8 37. Rg1 Rf7 38. Rg2 Rff8 39. Rag1 Rf7 40. Kf3 Rff8 41.
g5 Rf7 42. Be6 Rff8 43. gxh6+ Kh7 44. Rg7# 1-0

[Event "Quebec-ch U12"]
[Site "Montreal CAN"]
[Date "2003.03.07"]
[Round "1"]
[White "Daigle, Francis"]
[Black "Lawson, Bianca"]
[Result "1-0"]
[WhiteElo "1305"]
[BlackElo "990"]
[PlyCount "157"]
[EventDate "2003.03.07"]
[EventType "tourn"]
[EventRounds "5"]
[EventCountry "CAN"]

1. e4 e5 2. Nf3 Nc6 3. Bc4 Be7 4. Nc3 h6 5. d3 Nf6 6. Be3 Ng4 7. Nd5 Nxe3 8.
Nxe3 Nd4 9. Nxe5 Ne6 10. c3 f6 11. Nf3 O-O 12. d4 d6 13. Nd5 Kh8 14. e5 Ng5 15.
Nf4 Nxf3+ 16. Qxf3 dxe5 17. Ng6+ Kh7 18. Nxf8+ Qxf8 19. dxe5 fxe5 20. Qxf8 Bxf8
21. Rd1 Bf5 22. O-O Be7 23. Rfe1 Bf6 24. Bd3 Bxd3 25. Rxd3 c6 26. Rd7 Rb8 27.
Re4 a5 28. f4 exf4 29. Rxf4 Bg5 30. Rff7 Rg8 31. Rxb7 Kh8 32. Rf5 a4 33. Rbf7
Be3+ 34. Kf1 g5 35. Rf3 Bc5 36. b4 axb3 37. axb3 Bd6 38. Rd3 Be5 39. Rdd7 Bg7
40. c4 Rf8 41. Rxf8+ Bxf8 42. Rd8 Kg7 43. Ke2 Be7 44. Rd7 Kf6 45. Rb7 h5 46.
Rb6 Ke5 47. Rxc6 g4 48. Rb6 h4 49. b4 Bd8 50. Rb5+ Kf6 51. Rd5 Bc7 52. b5 Bxh2
53. b6 Kf7 54. Rd3 Bb8 55. c5 Ke6 56. c6 h3 57. gxh3 gxh3 58. Rxh3 Kd6 59. c7
Bxc7 60. bxc7 Kxc7 61. Rh6 Kd7 62. Ke3 Ke7 63. Kf4 Kf7 64. Kf5 Ke7 65. Rg6 Kd7
66. Ke5 Kc7 67. Kd5 Kb7 68. Kc5 Ka7 69. Kb5 Kb7 70. Rg7+ Kc8 71. Kb6 Kd8 72.
Kc6 Ke8 73. Kd6 Kf8 74. Ra7 Ke8 75. Rb7 Kf8 76. Ke6 Kg8 77. Kf6 Kh8 78. Kg6 Kg8
79. Rb8# 1-0

[Event "Quebec-ch U12"]
[Site "Montreal CAN"]
[Date "2003.03.07"]
[Round "1"]
[White "McNeil-Duval, Hugues"]
[Black "Mogensen, Asgeir"]
[Result "1-0"]
[WhiteElo "1379"]
[BlackElo "1100"]
[PlyCount "33"]
[EventDate "2003.03.07"]
[EventType "tourn"]
[EventRounds "5"]
[EventCountry "CAN"]

1. e4 e5 2. Nc3 Nf6 3. f4 exf4 4. d4 Bb4 5. Bd3 O-O 6. Bxf4 Re8 7. Nge2 Nxe4 8.
O-O Nxc3 9. bxc3 Be7 10. Rb1 d5 11. Ng3 Nc6 12. Qf3 f6 13. Qh5 g6 14. Bxg6 hxg6
15. Qxg6+ Kh8 16. Nh5 Rg8 17. Qh6# 1-0

[Event "Quebec-ch U12"]
[Site "Montreal CAN"]
[Date "2003.03.07"]
[Round "1"]
[White "Rozybakiyev, Rasul"]
[Black "Jorge, Ivan"]
[Result "1/2-1/2"]
[WhiteElo "1458"]
[BlackElo "1152"]
[PlyCount "71"]
[EventDate "2003.03.07"]
[EventType "tourn"]
[EventRounds "5"]
[EventCountry "CAN"]

1. e4 e5 2. Nf3 Nf6 3. Nxe5 Qe7 4. Nf3 Qxe4+ 5. Qe2 Bc5 6. Nc3 Qxe2+ 7. Bxe2
O-O 8. O-O d6 9. d4 Bb6 10. Be3 Re8 11. h3 h6 12. Bd3 a6 13. Rfe1 Bd7 14. Bf4
Nc6 15. Ne2 Nb4 16. Ng3 Bc6 17. Bf5 Rad8 18. c3 Nbd5 19. Bd2 Bd7 20. Bd3 Ba7
21. Ne4 Bc6 22. c4 Nxe4 23. Bxe4 Ne7 24. Bxc6 Nxc6 25. Bc3 f6 26. b3 Kf7 27.
Rad1 Rd7 28. Rxe8 Kxe8 29. Re1+ Re7 30. Rxe7+ Kxe7 31. Kf1 Bb6 32. Ke2 Nd8 33.
Nh4 Kf7 34. g4 Ne6 35. Ke3 Ng5 36. f4 1/2-1/2